Rang & Dale’s Pharmacology (Record no. 42429)

MARC details
000 -LEADER
fixed length control field 00465nam a2200193Ia 4500
020 ## - INTERNATIONAL STANDARD BOOK NUMBER
ISBN 9780702053634
050 ## - CALL MARK
Classification number RM 300 .R36/
100 ## - STATEMENT OF RESPONSIBILITY--MAIN AUTHOR NAME
Personal name Rang, H. P...[et al.].
245 #0 - TITLE STATEMENT
Title Rang & Dale’s Pharmacology
250 ## - EDITION / VOLUME STATEMENT
Edition / Volume statement 8th ed.
260 ## - PUBLICATION, DISTRIBUTION, ETC. (IMPRINT)
Place of publication New York
260 ## - PUBLICATION, DISTRIBUTION, ETC. (IMPRINT)
Name of publisher Elsevier Churchill Livingstone,
260 ## - PUBLICATION, DISTRIBUTION, ETC. (IMPRINT)
Year of publication 2016
300 ## - PHYSICAL DESCRIPTION
Number of Pages 759 p
650 ## - SUBJECT ADDED ENTRY--TOPICAL TERM
Topical Term New York
942 ## - ADDED ENTRY ELEMENTS (KOHA)
Koha item type Books
Holdings
Withdrawn status Lost status Source of classification or shelving scheme Damaged status Not for loan Permanent Location Current Location Shelving location Date acquired Accession Number Price effective from Koha item type
    Library of Congress Classification     Asokoro Library Asokoro Library Items on shelf 06/03/2025 0188752 06/03/2025 Books
    Library of Congress Classification     College of Health Sciences Library College of Health Sciences Library Items on shelf 07/10/2025 0193599 07/10/2025 Books
    Library of Congress Classification     College of Health Sciences Library College of Health Sciences Library Items on shelf 07/10/2025 0193602 07/10/2025 Books
    Library of Congress Classification     NILE UNIVERSITY OF NIGERIA - MAIN LIBRARY NILE UNIVERSITY OF NIGERIA - MAIN LIBRARY Items on shelf 06/03/2025 0188751 06/03/2025 Books